Logo BPK

Bibliografia Prac Pracowników

Politechniki Koszalińskiej

Przyczynek do badań cech reologicznych piaskobetonów (badania własne skurczu i pełzania) / (Rekord nr 6884)

Szczegóły MARC
000 -ETYKIETA REKORDU
podpole kontrolne o stałej długości 01443naa a2200265 i 4500
001 - NUMER KONTROLNY REKORDU
podpole kontrolne BPP
003 - IDENTYFIKATOR NUMERU KONTROLNEGO REKORDU
podpole kontrolne BPK
005 - DATA OSTATNIEJ MODYFIKACJI REKORDU
podpole kontrolne 20150223112055.0
008 - POLE O STAŁEJ DŁUGOŚCI - DANE KONTROLNE
podpole kontrolne o stałej długości 150220s1984 pl f |100 0 pol
040 ## - ŹRÓDŁO KATALOGOWANIA
Instytucja, która utworzyła rekord BPK
080 ## - UNIWERSALNA KLASYFIKACJA DZIESIĘTNA - UKD
UKD 691
100 ## - NAZWA OSOBOWA
Nazwa osobowa MARCINKOWSKI, Stefan.
Lata pracy 1969 - 1992.
Instytucja Wyższa Szkoła Inżynierska w Koszalinie - Wydział Inżynierii Lądowej i Sanitarnej,
Wydział Zakład Podstaw Budownictwa i Technologii Materiałów Budowlanych
245 ## - TYTUŁ/ODPOWIEDZIALNOŚĆ
Tytuł Przyczynek do badań cech reologicznych piaskobetonów (badania własne skurczu i pełzania) /
Pozostałe elementy strefy tytułu i oznaczenia odpowiedzialności Stefan Marcinkowski, Lesław Macieik, Henryk Dondelewski.
260 ## - STREFA ADRESU WYDAWNICZEGO
Data publikacji, dystrybucji/powstania dokumentu 1984.
500 ## - UWAGI OGÓLNE
Tekst uwagi Dane z kartoteki bpp.
650 #0 - HASŁO PRZEDMIOTOWE W FORMIE NAZWY OGÓLNEJ LUB JEDNOSTKOWEJ
Nazwa ogólna lub geograficzna Materiały budowlane.
650 #0 - HASŁO PRZEDMIOTOWE W FORMIE NAZWY OGÓLNEJ LUB JEDNOSTKOWEJ
Nazwa ogólna lub geograficzna Beton.
650 #0 - HASŁO PRZEDMIOTOWE W FORMIE NAZWY OGÓLNEJ LUB JEDNOSTKOWEJ
Nazwa ogólna lub geograficzna Piasek.
655 #0 - TERMIN INDEKSOWY - OKREŚLENIE RODZAJU/FORMY DOKUMENTU
Określnie rodzaju/formy dokumentu Materiały konferencyjne.
700 ## - HASŁO DODATKOWE - NAZWA OSOBOWA
Nazwa osobowa MACIEIK, Lesław.
Lata pracy 1973 - 1996.
Instytucja Wyższa Szkoła Inżynierska w Koszalinie - Instytut Budownictwa Lądowego,
Wydział Zakład Podstaw Budownictwa i Technologii Materiałów Budowlanych
700 ## - HASŁO DODATKOWE - NAZWA OSOBOWA
Nazwa osobowa DONDELEWSKI, Henryk.
Lata pracy 1973 - 1996.
Instytucja Wyższa Szkoła Inżynierska w Koszalinie - Instytut Budownictwa Lądowego,
Wydział Zakład Podstaw Budownictwa i Technologii Materiałów Budowlanych
711 ## - HASŁO DODATKOWE - NAZWA IMPREZY
Nazwa imprezy Sympozjum : Nowe materiały budowlane w Polsce
Oznaczenie części/sekcji dzieła (2 ;
Data imprezy 1984.06.04-05 ;
Miejsce imprezy Warszawa, Polska).
773 ## - TYTUŁ DOKUMENTU MACIERZYSTEGO
Wyrażenie wprowadzające W :
Tytuł Nowe materiały budowlane w Polsce : II Sympozjum. -
Adres wydawniczy Warszawa : SITPMP, 1984. -
Informacje dotyczące relacji s. 1-9
942 ## - HASŁO DODATKOWE - ELEMENTY(KOHA)
Typ dokumentu Artykuł
Schemat klasyfikacji Uniwersalna klasyfikacja dziesiętna

Brak dostępnych egzemplarzy.

© 2014 Biblioteka Politechniki Koszalińskiej :: BIBLIOGRAFIA PRAC PRACOWNIKÓW